000 00608nam a22001697a 4500
005 20231114144646.0
008 231114b |||||||| |||| 00| 0 eng d
041 _aEnglish
082 _a344.5 LAN
100 _aBroeksma, AH ; Broeksma, C and Comrie, RG
_lEnglish
245 _a1965 Cumulative Supplement to Lansdown's South African Liquor Law /
_cedited by AH Broeksma, C Broeksma and RG Comrie
250 _a4th Edition
260 _aCape Town :
_bJuta and Company Ltd,
_c1965
300 _bxi, 210 pages ;
_c26 cm.
650 _aLegal practice
_bLaw
942 _cBK
_6ALISON_BN_VRIES
999 _c641
_d641